000
00209 a2200097 4500
001
13441
100
_a
Swinburn, I
245
_a
Basic political concepts
260
_a
London
_b
Hutchin
_c
090
_c
10454
_d
10454
942
_a
NUST-CAE
_c
M
_c
508
999
_c
248514
_d
248514